00805nam a22002057a 450000500170000001000150001702000260003203500140005803700090007208200140008110000310009524500630012625000060018926000420019527001110023730000480034894200250039699900190042195201590044020260702121415.0 aENG-148887 c150.00a9789391517281 aEN-132419 bDBAD a954.8421 aRao, K.S. Kameswara989495 aHistory of Andhra Pradesh An Overview/cK.S. Kameswara Rao a1 aVijaywadabEmesco Books Pvt Ltdc2022 a33-22-2, Chandram Buildings, C.R.Road, ChuttunguntabVijaywadae520004k0866-2436643memescovja@gmail.com  a173p.c22cm(pb)bpictures and Illustrations 2ddccENh954.84mRAO c216835d216835 001040718NFICaDBADbDBADd2026-07-02eDelivery of Books Act Divisiong150.00l0o954.84 RAOpEN-132419r2026-07-02 12:14:39t1v150.00w2026-07-02yEN